| 000 | 00890nam a2200253Ia 4500 | ||
|---|---|---|---|
| 003 | OSt | ||
| 005 | 20221005113315.0 | ||
| 006 | a|||||r|||| 00| 0 | ||
| 007 | ta | ||
| 008 | 221004b |||||||| |||| 00| 0 pan d | ||
| 020 |
_a8130202824 (hbk) _c150 |
||
| 024 | _a14052 | ||
| 037 |
_b841, 20/03/2014, H.K. Prakashan _cTextual |
||
| 040 |
_aCRL _cCRL _bpan |
||
| 041 |
_2pan _apan |
||
| 082 | _aO153,3x, M7;Q0 | ||
| 100 | _aਥਿੰਦ, ਕਰਨੈਲ ਸਿੰਘ, ਥਦ. | ||
| 245 | 0 | _aਰਾਵੀਓ੍ਵ ਪਾਰ | |
| 260 |
_aਪਟਿਆਲਾ _bਪੰਜਾਬੀ ਯੂਨੀਵਰਸਿਟੀ ਭਾਰਤ _c2010 |
||
| 300 |
_a127ਪੰ _ccm. |
||
| 650 | _aਪੰਜਾਬੀ ਸਾਹਿਤ | ||
| 942 |
_hO153,3x, M7;Q0 _cTEXL _2cc |
||
| 999 |
_c1027738 _d1027738 |
||